00370 2200145 4500001002100000005001500021035002000036245004300056100002600099300002400125260002900149082001000178084001600188990002000204INLIS00000000000080220220708102225 a0010-07220000051 aSANGKURIANG :bDONGENG PENGANTAR TIDUR0 aYUDHISTIRA IKRANEGARA a32 :bilus ;c20 cm aSurabaya :bCV DUA MEDIA a398.2 a398.2 YUD s a3058/BBTIV/2021